انبیاء کے واقعات (Record no. 553878)
[ view plain ]
| 000 -LEADER | |
|---|---|
| fixed length control field | 00356nam a22001217a 4500 |
| 082 ## - DEWEY DECIMAL CLASSIFICATION NUMBER | |
| Classification number | 297.63 |
| Author Mark | NAD |
| -- | M |
| 100 ## - MAIN ENTRY--PERSONAL NAME | |
| Personal name | Nadvi, Mulana Syed Abul Hassan ali |
| 9 (RLIN) | 51124 |
| 245 ## - TITLE STATEMENT | |
| Title | انبیاء کے واقعات |
| Remainder of title | قصص النبیین |
| 260 ## - PUBLICATION, DISTRIBUTION, ETC. | |
| Place of publication, distribution, etc. | Lahore, |
| Name of publisher, distributor, etc. | Maktab ilam, |
| Date of publication, distribution, etc. | 2000. |
| 300 ## - PHYSICAL DESCRIPTION | |
| Extent | 175p. |
| 526 ## - STUDY PROGRAM INFORMATION NOTE | |
| Program name | 0 |
| Interest level | 0 |
| Reading level | 0 |
| Title point value | 297_630000000000000_NAD |
| 942 ## - ADDED ENTRY ELEMENTS (KOHA) | |
| Source of classification or shelving scheme | |
| Koha item type | Book |
| Withdrawn status | Lost status | Source of classification or shelving scheme | Damaged status | Not for loan | Permanent Location | Current Location | Date acquired | Total Checkouts | Total Renewals | Full call number | Barcode | Date last seen | Date last checked out | Price effective from | Koha item type |
|---|---|---|---|---|---|---|---|---|---|---|---|---|---|---|---|
| Military College of Engineering (MCE) | Military College of Engineering (MCE) | 05/24/2017 | 7 | 2 | 297.63 NAD | MCE-139M | 12/03/2019 | 10/22/2019 | 03/14/2021 | Book |
